1600 1648 1255 1921 1539 1686 1091 1146 1441 1840 1447 1387 1133 1932 1704 1606 1845 1453 1554 1591 1648 1108 1349 1759 1509 1825 1846 1869 1673 1749 1678 1681 1609 1623 1507 1256 1491 1894 1620 1631 1251 1084 1668 1076 1752 1718 1180 1954 1532 1953 1792 1194 1574 1122 1741 1322 1208 1088 1358 1217 1991 1541 1333 1961 1071 1905 1123 1144 1186 1890 1020 1918 1618 1105 1171 1086 1257 1333 1121 1456 1208 1054 1459 1028 1466 1571 1129 1715 1495 1723 1143 1829 1436 1992 1457 1750 1808 1997 1004 BCNSPRNW ULIB Ver.6.0+V

เปลี่ยนเป็นภาษาไทย

Change to English
 แสดงรายละเอียดบรรณานุกรม
  กลับหน้าหลัก

Brief Record : Get Marc (ISO 2709) : E-mail record : QR code < ปิดหน้าต่าง
LEADER : 00000nam 2200000uu 4500
001    13399121932
003     ULIB
008    121214s2550||||th 000 0 tha d
020    ^a9789744820587
060  4 ^aWM188^bส271ค 2550
100 0  ^aสมภพ เรืองตระกูล
245 10 ^aความผิดปกติของการนอนหลับ :^bการประเมินและการรักษา /^cสมภพเรืองตระกูล
250    ^aพิมพ์ครั้งที่ 1
260    ^aกรุงเทพฯ :^bเรือนแก้วการพิมพ์,^c2550
300    ^a319 หน้า.;^c21 ซม.
490 0  ^aตำราจิตเวชสำหรับแพทย์เวชศาสตร์ครอบครัว ;^vชุดที่ 10
504    ^aเอกสารอ้างอิง
505 0  ^aดัชนีเรื่องท้ายเล่ม
650  2 ^aSleep
650  2 ^aSleep Disorders
710 2  ^aมหาวิทยาลัยมหิดล.^bคณะแพทยศาสตร์ศิริราชพยาบาล.
945    ^p350^l0^i15139
995    ^aทศพร
999    ^aทศพร เกษรทอง
รายการนี้ยังไม่มีแท็ก
คุณยังไม่ได้ล็อกอิน คุณสามารถมีกิจกรรมร่วมกับเว็บไซต์ได้ แต่ต้องล็อกอินก่อน ::
  ล็อกอิน

รายการสื่อสารสนเทศ

ลำดับที่ ประเภท เลขเรียก/บาร์โค้ด สถานที่ สถานะ
- ไม่พบข้อมูล -

รายการใกล้เคียง
    ผู้แต่ง [สมภพ เรืองตระกูล]

    หัวเรื่อง [Sleep]

BibComment


ยังไม่เคยถูกคอมเมนท์

คอมเมนท์ทรัพยากรรายการนี้
  คอมเมนท์: ความผิดปกติของกา..


 Copyright 2026. Bcnsprnw @Library